| 000 | 00000nam##2200000za#4500 |
| 001 | 9.519424 |
| 003 | CaOODSP |
| 005 | 20210615083016 |
| 007 | ta |
| 008 | 150406|1991||||xxc||||| f|0| 0 eng|d |
| 020 | |a0-660-56505-6 |
| 022 | |a0706-148X |
| 040 | |aCaOODSP|beng |
| 041 | |aeng |
| 041 | |afre |
| 043 | |an-cn--- |
| 086 | 1 |aS52-2/206 |
| 110 | 1 |aCanada.|bSecretary of State of Canada. |bTranslation Bureau. |
| 245 | 10|aAda language vocabulary / |cby Noël Lazure. |
| 260 | |aOttawa - Ontario : |bSecretary of State of Canada. |c1991. |
| 300 | |a217p. : |c22 cm. |
| 490 | 1 |aTerminology bulletin|x0706-148X|v206 |
| 504 | |aBibliography. |
| 520 | 3 |aTerminology Bulletin 206. By Noël Lazure. This vocabulary contains about 2,000 entries, 500 of which are accompanied by definitions. A computer language developed for the USA Department of Defense, ADA was adopted in 1980 (standard, MIL-STD-1815). ADA has proved to be a very effective tool and has contributed significantly to software engineering technology. It is now being used by both the military and industry, and recourse to the language on a global scale is just a matter of time. |
| 546 | |aBilingual |
| 563 | |aSoftcover |
| 590 | |a91-49|b1991-12-06 |
| 690 | 07|aComputers|2gcpds |
| 690 | 07|aTerminology|2gcpds |
| 690 | 07|aComputer programming|2gcpds |
| 720 | 1 |aLazure, Noël |
| 776 | 0#|tVocabulaire du langage Ada / |w(CaOODSP)9.590506 |
| 792 | |tVocabulaire du langage Ada / |efre|w(CaOODSP)9.519425 |
| 830 | #0|aTerminology bulletin,|x0706-148X|v206|w(CaOODSP)9.509598 |